[Event "Nuremberg Zabo op 23rd"]
[Site "Nuremberg"]
[Date "2023.09.17"]
[Round "4"]
[White "Heller, Benedikt"]
[Black "Homi, Joseph"]
[Result "0-1"]
[WhiteElo "1696"]
[BlackElo "2112"]
[PlyCount "62"]
[EventDate "2023.09.15"]
[EventType "swiss"]
[EventRounds "5"]
[EventCountry "GER"]
[SourceTitle "EXT 2024"]
[Source "ChessBase"]
[SourceDate "2023.10.10"]
[SourceVersion "1"]
[SourceVersionDate "2023.10.10"]
[SourceQuality "1"]

1. e4 c6 2. d4 d5 3. exd5 cxd5 4. Bd3 Nc6 5. c3 Nf6 6. Bf4 Bg4 7. Qb3 Qc8 8. Nd2 e6 9. Ngf3 Be7 10. 0-0 Bh5 11. Ne5 Nxe5 12. dxe5 Nd7 13. Rfe1 0-0 14. c4 Nc5 15. Bxh7+ Kxh7 16. Qh3 g6 17. g4 dxc4 18. gxh5 g5 19. Bg3 Nd3 20. Re3 Nxb2 21. Qg4 Qc6 22. Ne4 Rg8 23. Rf3 Raf8 24. Rc1 b5 25. Rc2 Na4 26. Rd2 Nc5 27. Nf6+ Bxf6 28. exf6 Nd3 29. Rd1 Rd8 30. Re3 Nf4 31. Bxf4 gxf4 0-1

[Event "Nuremberg Zabo op 23rd"]
[Site "Nuremberg"]
[Date "2023.09.16"]
[Round "2"]
[White "Flierl, Robin"]
[Black "Homi, Joseph"]
[Result "0-1"]
[WhiteElo "1689"]
[BlackElo "2112"]
[PlyCount "166"]
[EventDate "2023.09.15"]
[EventType "swiss"]
[EventRounds "5"]
[EventCountry "GER"]
[SourceTitle "EXT 2024"]
[Source "ChessBase"]
[SourceDate "2023.10.10"]
[SourceVersion "1"]
[SourceVersionDate "2023.10.10"]
[SourceQuality "1"]

1. e4 c6 2. c4 d5 3. e5 d4 4. f4 c5 5. d3 Nc6 6. Nd2 h5 7. g3 Bf5 8. Nh3 Nh6 9. Nf2 Bg6 10. Nde4 Nf5 11. Qf3 Nb4 12. Kd1 Qa5 13. Nxc5 Qxc5 14. Qxb7 Rd8 15. a3 Nc6 16. Bg2 Nb8 17. Ne4 Qb6 18. Ng5 Ne3+ 19. Bxe3 dxe3 20. Qxb6 axb6 21. Ne4 Rxd3+ 22. Ke2 Rb3 23. Rab1 Nd7 24. Rhd1 e6 25. Rd3 Rxd3 26. Kxd3 Nc5+ 27. Kxe3 Nxe4 28. Bxe4 Bc5+ 29. Kf3 Bxe4+ 30. Kxe4 Kd7 31. b4 Be7 32. h4 Kc6 33. Rd1 g6 34. Rd3 Ra8 35. Kf3 Ra4 36. Rb3 Ra7 37. Rd3 Rc7 38. Ke4 Rc8 39. Rd2 Ra8 40. Rd3 Rf8 41. Rd1 Bd8 42. Rd6+ Kb7 43. b5 Bc7 44. Rd3 Ra8 45. Rd7 Rf8 46. Rd3 Bd8 47. Rd6 Kc7 48. Rc6+ Kd7 49. Kd4 Bc7 50. c5 bxc5+ 51. Kxc5 Ra8 52. Kb4 Ba5+ 53. Kb3 Be1 54. Rd6+ Kc7 55. b6+ Kc8 56. Rc6+ Kb7 57. Rc7+ Kxb6 58. Rxf7 Kc5 59. Rf6 Kd5 60. Rxg6 Rc8 61. Rg5 Rc3+ 62. Kb2 Rxg3 63. Rxh5 Rf3 64. Rh8 Rxf4 65. h5 Kxe5 66. h6 Bh4 67. h7 Bf6 68. Ra8 Rh4 69. Ra7 Kf5+ 70. Kb3 Kg6 71. a4 Rxh7 72. Rxh7 Kxh7 73. Kc4 Kg6 74. a5 Bh4 75. Kd4 Kf5 76. Ke3 Bd8 77. a6 e5 78. Kf3 e4+ 79. Ke2 Bb6 80. Kf1 Kf4 81. Ke1 Kf3 82. Kf1 e3 83. Ke1 e2 0-1

[Event "Mittelfrank Regionalliga Nord-Ost 2223"]
[Site "Mittelfranken"]
[Date "2022.11.27"]
[Round "3.7"]
[White "Homi, Joseph"]
[Black "Kalous, Miroslav"]
[Result "1-0"]
[WhiteElo "2089"]
[BlackElo "2001"]
[PlyCount "81"]
[EventDate "2022.10.09"]
[EventType "team-tourn"]
[EventRounds "9"]
[EventCountry "GER"]
[SourceTitle "EXT 2024"]
[Source "ChessBase"]
[SourceDate "2023.10.10"]
[SourceVersion "1"]
[SourceVersionDate "2023.10.10"]
[SourceQuality "1"]
[WhiteTeam "Fuerth SG"]
[BlackTeam "Windischeschenbach"]
[WhiteTeamCountry "GER"]
[BlackTeamCountry "GER"]

1. e4 e6 2. d4 d5 3. Nc3 Bb4 4. Nge2 dxe4 5. a3 Be7 6. Nxe4 Nf6 7. N2g3 Nbd7 8. Bd3 Nxe4 9. Nxe4 Nf6 10. Be3 Bd7 11. 0-0 Bc6 12. f3 0-0 13. c4 Nxe4 14. fxe4 Bg5 15. Qe2 Qe7 16. Qd2 Bxe3+ 17. Qxe3 b6 18. Rad1 e5 19. d5 Bd7 20. c5 Rab8 21. Rc1 bxc5 22. Qxc5 Qg5 23. b4 Rb6 24. Kh1 Rg6 25. Rc2 h5 26. Qxc7 Rc8 27. Qxc8+ Bxc8 28. Rxc8+ Kh7 29. Rc2 Qe3 30. Rf3 Qd4 31. Rc4 Qa1+ 32. Bf1 Qd1 33. Kg1 h4 34. Rxf7 h3 35. g3 Qe1 36. Rf3 Qd1 37. Rcc3 Qe1 38. Rfe3 Qd1 39. Rcd3 Qc1 40. Rf3 Qb1 41. d6 1-0

[Event "Mittelfrank Regionalliga Nord-Ost 2122"]
[Site "Mittelfranken"]
[Date "2022.05.15"]
[Round "5.3"]
[White "Wenke, Oldrich"]
[Black "Homi, Joseph"]
[Result "1/2-1/2"]
[WhiteElo "2000"]
[BlackElo "2058"]
[PlyCount "96"]
[EventDate "2021.10.24"]
[EventType "team-tourn"]
[EventRounds "9"]
[EventCountry "GER"]
[SourceTitle "EXT 2024"]
[Source "ChessBase"]
[SourceDate "2023.10.10"]
[SourceVersion "1"]
[SourceVersionDate "2023.10.10"]
[SourceQuality "1"]
[WhiteTeam "Buechenbach/Roth"]
[BlackTeam "Fuerth SG"]
[WhiteTeamCountry "GER"]
[BlackTeamCountry "GER"]

1. b3 d5 2. Bb2 c5 3. Nf3 Nf6 4. e3 e6 5. Bb5+ Bd7 6. Qe2 Bxb5 7. Qxb5+ Qd7 8. Qxd7+ Nfxd7 9. 0-0 Nc6 10. Nc3 Be7 11. Ne2 0-0 12. Rfd1 b5 13. d3 Nb6 14. Kf1 Rfc8 15. Ne5 f6 16. Nxc6 Rxc6 17. Nc3 a6 18. e4 Bd6 19. Ne2 a5 20. a4 b4 21. Bc1 Be5 22. Rb1 Rac8 23. Be3 Kf7 24. h3 Ke7 25. f4 Bb8 26. Kf2 Nd7 27. Kf3 R6c7 28. Bf2 Rc6 29. Re1 Kf7 30. exd5 exd5 31. c4 d4 32. Ng3 g5 33. fxg5 Bxg3 34. Bxg3 fxg5 35. Re4 Rf6+ 36. Ke2 Re6 37. Rf1+ Ke7 38. Rf5 Rxe4+ 39. dxe4 h6 40. Kd3 Ke6 41. Rd5 Rc6 42. Bh2 Ke7 43. Bg3 Re6 44. Bc7 Ra6 45. g4 Ke6 46. e5 Rc6 47. Bd6 Rc8 48. Ke4 Rc6 1/2-1/2

[Event "Mittelfrank Regionalliga Nord-Ost 2122"]
[Site "Mittelfranken"]
[Date "2021.10.24"]
[Round "1.3"]
[White "Homi, Joseph"]
[Black "Najjar, Johannes"]
[Result "1-0"]
[WhiteElo "2058"]
[BlackElo "1925"]
[PlyCount "53"]
[EventDate "2021.10.24"]
[EventType "team-tourn"]
[EventRounds "9"]
[EventCountry "GER"]
[SourceTitle "EXT 2024"]
[Source "ChessBase"]
[SourceDate "2023.10.10"]
[SourceVersion "1"]
[SourceVersionDate "2023.10.10"]
[SourceQuality "1"]
[WhiteTeam "Fuerth SG"]
[BlackTeam "Kelheim II"]
[WhiteTeamCountry "GER"]
[BlackTeamCountry "GER"]

1. e4 c5 2. Nf3 Nc6 3. Nc3 e5 4. Bc4 Be7 5. d3 d6 6. h3 Na5 7. Bb5+ Bd7 8. Bxd7+ Qxd7 9. 0-0 f5 10. Qe2 f4 11. Nd5 Nc6 12. c3 Nf6 13. g3 0-0-0 14. Kh2 Rhg8 15. gxf4 exf4 16. Rg1 h6 17. Rg6 Ne5 18. Nxe5 dxe5 19. c4 Qe8 20. Rg1 g5 21. b4 cxb4 22. Bb2 Nd7 23. a3 bxa3 24. Bxa3 Bxa3 25. Rxa3 Kb8 26. Qd2 a6 27. Rxa6 1-0

[Event "Bayern-ch 92th"]
[Site "Lichtenfels"]
[Date "2021.08.28"]
[Round "9"]
[White "Homi, Joseph"]
[Black "Wunder, Stefan"]
[Result "1-0"]
[WhiteElo "2103"]
[BlackElo "2024"]
[PlyCount "73"]
[EventDate "2021.08.22"]
[EventType "swiss"]
[EventRounds "9"]
[EventCountry "GER"]
[SourceTitle "EXT 2023"]
[Source "ChessBase"]
[SourceDate "2022.10.05"]
[SourceVersion "1"]
[SourceVersionDate "2022.10.05"]
[SourceQuality "1"]

1. e4 g6 2. d4 Bg7 3. Nc3 d6 4. f4 a6 5. Nf3 Nd7 6. Bd3 c5 7. d5 b5 8. a4 Qa5 9. 0-0 b4 10. Nb1 c4 11. Be2 Qc5+ 12. Kh1 a5 13. c3 Ngf6 14. Nbd2 Ba6 15. Nd4 Nb6 16. Qc2 b3 17. Qb1 Nfd7 18. N2f3 Qc7 19. Be3 Nc5 20. Nc6 Bb7 21. Bxc5 dxc5 22. Nce5 Ba6 23. Qe1 f6 24. Ng4 h5 25. Nf2 Qxf4 26. g3 Qc7 27. Nh4 g5 28. Nf5 Bf8 29. Nd1 g4 30. Nde3 Qe5 31. Rf4 Bh6 32. Nxh6 Rxh6 33. Qf1 Bb7 34. Bxc4 e6 35. Bxb3 exd5 36. Qb5+ Nd7 37. Qxb7 1-0

[Event "Bayern-ch 92th"]
[Site "Lichtenfels"]
[Date "2021.08.27"]
[Round "8"]
[White "Reimann, Matthias"]
[Black "Homi, Joseph"]
[Result "1-0"]
[WhiteElo "2017"]
[BlackElo "2103"]
[PlyCount "121"]
[EventDate "2021.08.22"]
[EventType "swiss"]
[EventRounds "9"]
[EventCountry "GER"]
[SourceTitle "EXT 2023"]
[Source "ChessBase"]
[SourceDate "2022.10.05"]
[SourceVersion "1"]
[SourceVersionDate "2022.10.05"]
[SourceQuality "1"]

1. e4 c6 2. d4 d5 3. e5 Bf5 4. h4 h5 5. Bd3 Bxd3 6. Qxd3 Qa5+ 7. Nd2 Qa6 8. e6 Qxd3 9. exf7+ Kxf7 10. cxd3 Nd7 11. Ngf3 Re8 12. 0-0 e6 13. Ng5+ Kf6 14. Ndf3 Bd6 15. Re1 Nh6 16. Bd2 e5 17. Bc3 Ng4 18. Re2 Re7 19. Rae1 Rhe8 20. Kf1 Kg6 21. dxe5 Ndxe5 22. Nxe5+ Nxe5 23. Bxe5 Bxe5 24. g3 Bf6 25. Rxe7 Rxe7 26. Rxe7 Bxe7 27. Ne6 Bf6 28. b3 Kf5 29. Nf4 Be5 30. Ne2 c5 31. Kg2 b5 32. Kf3 a6 33. Ke3 Kg4 34. Ng1 b4 35. Nf3 Bf6 36. Ng1 a5 37. Ne2 Bb2 38. f3+ Kf5 39. Kd2 Be5 40. Ke3 g6 41. d4 cxd4+ 42. Nxd4+ Kf6 43. Ne2 Bd6 44. Kd4 Ke6 45. Kd3 Bc7 46. Nd4+ Kf6 47. Ne2 Bb6 48. Nf4 Bf2 49. Nxd5+ Kf7 50. g4 Bxh4 51. gxh5 gxh5 52. Nf4 Kf6 53. Nxh5+ Kg5 54. Ng7 Kf6 55. Ne8+ Ke6 56. Ke4 Bd8 57. Ng7+ Kf6 58. Nf5 Bb6 59. Nd6 Ke6 60. Nc4 Bd8 61. Kd4 1-0

[Event "Bayern-ch 92th"]
[Site "Lichtenfels"]
[Date "2021.08.26"]
[Round "7"]
[White "Homi, Joseph"]
[Black "Birkholz, Olga"]
[Result "1-0"]
[WhiteElo "2103"]
[BlackElo "2018"]
[PlyCount "65"]
[EventDate "2021.08.22"]
[EventType "swiss"]
[EventRounds "9"]
[EventCountry "GER"]
[SourceTitle "EXT 2023"]
[Source "ChessBase"]
[SourceDate "2022.10.05"]
[SourceVersion "1"]
[SourceVersionDate "2022.10.05"]
[SourceQuality "1"]

1. e4 c6 2. Nc3 d6 3. d4 Qc7 4. Bc4 b5 5. Bd3 g6 6. f4 Bg7 7. Nf3 Bg4 8. Be3 e5 9. Ne2 exd4 10. Nexd4 Ne7 11. h3 Bd7 12. 0-0 a6 13. c3 0-0 14. Qe1 c5 15. Ne2 f5 16. Ng3 Nbc6 17. Rd1 Rae8 18. Qd2 fxe4 19. Bxe4 Nf5 20. Nxf5 gxf5 21. Bd5+ Kh8 22. Ng5 Bc8 23. Rfe1 Nd8 24. Qe2 Ne6 25. Bf2 Nxg5 26. Qxe8 Bd7 27. Qh5 Ne4 28. Rxe4 fxe4 29. Bxe4 h6 30. Qg6 Kg8 31. Qh7+ Kf7 32. Bg6+ Ke6 33. f5+ 1-0

[Event "Bayern-ch 92th"]
[Site "Lichtenfels"]
[Date "2021.08.22"]
[Round "1"]
[White "Homi, Joseph"]
[Black "Gebhardt, Christian"]
[Result "1/2-1/2"]
[WhiteElo "2103"]
[BlackElo "1884"]
[PlyCount "83"]
[EventDate "2021.08.22"]
[EventType "swiss"]
[EventRounds "9"]
[EventCountry "GER"]
[SourceTitle "EXT 2023"]
[Source "ChessBase"]
[SourceDate "2022.10.05"]
[SourceVersion "1"]
[SourceVersionDate "2022.10.05"]
[SourceQuality "1"]

1. e4 e6 2. d4 d5 3. Nc3 Bb4 4. e5 c5 5. a3 Bxc3+ 6. bxc3 Ne7 7. Qg4 0-0 8. Bd3 Nbc6 9. Qh5 Ng6 10. Nf3 Nce7 11. 0-0 c4 12. Be2 f5 13. exf6 Rxf6 14. Nh4 Nxh4 15. Qxh4 Nf5 16. Qh3 Rf8 17. Bg4 Qf6 18. Bxf5 Qxf5 19. Qxf5 Rxf5 20. Re1 Bd7 21. f4 Re8 22. Rb1 b6 23. g3 Ba4 24. Re2 Re7 25. Kg2 Rf8 26. Rb4 Be8 27. h3 Bg6 28. g4 Be4+ 29. Kg1 Rc8 30. Kf2 Kf7 31. Be3 Kg6 32. Rb1 Rh8 33. Rg1 Kf7 34. Ke1 Ke8 35. Kd2 Kd7 36. Bf2 Rf7 37. Bg3 Rg8 38. Rf2 Rh8 39. Rgf1 Rhf8 40. Ke3 g6 41. Kd2 h5 42. g5 1/2-1/2

[Event "GER Pfingstopen U25"]
[Site "Playchess.com INT"]
[Date "2020.06.02"]
[Round "6"]
[White "Hoffmann, Fabian"]
[Black "Homi, Joseph"]
[Result "1-0"]
[WhiteElo "2469"]
[BlackElo "1892"]
[PlyCount "97"]
[EventDate "2020.06.02"]
[EventType "swiss (blitz)"]
[EventRounds "11"]
[EventCountry "GER"]
[SourceTitle "CBM 197 Extra"]
[Source "ChessBase"]
[SourceDate "2020.09.30"]
[SourceVersion "1"]
[SourceVersionDate "2020.09.30"]
[SourceQuality "1"]

1. e4 c6 2. d4 d5 3. exd5 cxd5 4. Nf3 Nf6 5. Bb5+ Nc6 6. Ne5 Bd7 7. Nc3 Nxe5 8. dxe5 Bxb5 9. Nxb5 Qa5+ 10. Nc3 Nd7 11. Qxd5 Qxd5 12. Nxd5 0-0-0 13. e6 Nc5 14. Nf4 g5 15. Nd3 Nxd3+ 16. cxd3 f6 17. Ke2 Rd6 18. Be3 b6 19. Rhc1+ Kb7 20. a4 Rxe6 21. a5 f5 22. Kd2 Bg7 23. Rc4 h6 24. a6+ Kb8 25. Bd4 Bxd4 26. Rxd4 Rd6 27. Rxd6 exd6 28. Kc3 Kc7 29. Kd4 Re8 30. Rc1+ Kd7 31. Rc2 Re1 32. b4 Re5 33. f4 Rb5 34. Kc4 Kc6 35. Kd4+ Kd7 36. Kc4 Kc6 37. Rb2 d5+ 38. Kb3 d4 39. Rc2+ Kd6 40. Ka4 Rd5 41. Rc8 gxf4 42. Ra8 Kc6 43. Rxa7 b5+ 44. Ka5 Re5 45. Rg7 Re1 46. Rg6+ Kc7 47. Kxb5 Ra1 48. Rg7+ Kb8 49. Kb6 1-0

[Event "GER Pfingstopen U25"]
[Site "Playchess.com INT"]
[Date "2020.06.02"]
[Round "7"]
[White "Homi, Joseph"]
[Black "Serrer, David"]
[Result "1-0"]
[WhiteElo "1892"]
[BlackElo "1964"]
[PlyCount "65"]
[EventDate "2020.06.02"]
[EventType "swiss (blitz)"]
[EventRounds "11"]
[EventCountry "GER"]
[SourceTitle "CBM 197 Extra"]
[Source "ChessBase"]
[SourceDate "2020.09.30"]
[SourceVersion "1"]
[SourceVersionDate "2020.09.30"]
[SourceQuality "1"]

1. e4 c5 2. Nf3 Nc6 3. d4 cxd4 4. Nxd4 Nf6 5. Nc3 e5 6. Ndb5 d6 7. Bg5 a6 8. Na3 b5 9. Nd5 Be7 10. Bxf6 Bxf6 11. c4 b4 12. Nc2 a5 13. Qf3 Bg5 14. h4 Bh6 15. g4 g6 16. Nf6+ Kf8 17. g5 Bg7 18. Nd5 Be6 19. Bh3 Bxd5 20. cxd5 Nb8 21. Ne3 Nd7 22. Rc1 Nc5 23. Rxc5 dxc5 24. Nc4 f6 25. Be6 Ke8 26. h5 h6 27. hxg6 hxg5 28. Rxh8+ Bxh8 29. Qh5 Bg7 30. Qh7 Qe7 31. Bf7+ Kd7 32. Qxg7 a4 33. Nb6+ 1-0

[Event "GER Pfingstopen U25"]
[Site "Playchess.com INT"]
[Date "2020.06.02"]
[Round "5"]
[White "Homi, Joseph"]
[Black "Traetmar, Mattis"]
[Result "1-0"]
[WhiteElo "1892"]
[BlackElo "1888"]
[PlyCount "77"]
[EventDate "2020.06.02"]
[EventType "swiss (blitz)"]
[EventRounds "11"]
[EventCountry "GER"]
[SourceTitle "CBM 197 Extra"]
[Source "ChessBase"]
[SourceDate "2020.09.30"]
[SourceVersion "1"]
[SourceVersionDate "2020.09.30"]
[SourceQuality "1"]

1. e4 c5 2. Nf3 d6 3. d4 cxd4 4. Nxd4 Nf6 5. Nc3 a6 6. f3 e5 7. Nb3 Be6 8. Be3 Be7 9. Qd2 h5 10. Nd5 Bxd5 11. exd5 Nbd7 12. Be2 Rc8 13. 0-0 b5 14. Rac1 Nb6 15. Bxb6 Qxb6+ 16. Kh1 h4 17. c4 Nh5 18. h3 Ng3+ 19. Kh2 Nxf1+ 20. Bxf1 0-0 21. Na5 bxc4 22. Nc6 Bf6 23. Bxc4 e4 24. fxe4 Rfe8 25. Bd3 g6 26. b4 Kg7 27. Qe2 Be5+ 28. Kh1 Qxb4 29. Rf1 Qb2 30. Qf3 Bf6 31. Bxa6 Ra8 32. Bc4 Ra3 33. Bb3 Raa8 34. Nb4 Qc3 35. Nd3 Qd4 36. Nf4 Qxe4 37. Nh5+ Kf8 38. Qxf6 gxh5 39. Qxf7# 1-0

[Event "Bayernliga U20 1819"]
[Site "Bayern"]
[Date "2019.02.09"]
[Round "6.1"]
[White "Homi, Joseph"]
[Black "Vuckovic, Zarko"]
[Result "0-1"]
[WhiteElo "2015"]
[BlackElo "2259"]
[PlyCount "54"]
[EventDate "2018.11.17"]
[EventType "team-tourn"]
[EventRounds "6"]
[EventCountry "GER"]
[SourceTitle "EXT 2022"]
[Source "ChessBase"]
[SourceDate "2021.10.06"]
[SourceVersion "1"]
[SourceVersionDate "2021.10.06"]
[SourceQuality "1"]
[WhiteTeam "Fuerth SG U20"]
[BlackTeam "Augsburg SF U20"]
[WhiteTeamCountry "GER"]
[BlackTeamCountry "GER"]

1. e4 e6 2. d4 d5 3. Nc3 Bb4 4. e5 Ne7 5. a3 Bxc3+ 6. bxc3 b6 7. Qg4 Ng6 8. h4 h5 9. Qg3 Ba6 10. Bg5 Qd7 11. Ne2 Qa4 12. Kd2 c5 13. Nf4 cxd4 14. Nxg6 fxg6 15. cxd4 Qxd4+ 16. Bd3 Bxd3 17. Be3 Qb2 18. Kxd3 Qb5+ 19. Kd2 0-0 20. Qxg6 d4 21. Bxd4 Nc6 22. Be3 Qd5+ 23. Ke1 Nxe5 24. Qg3 Rac8 25. Rd1 Qb5 26. Rd2 Nc4 27. Rd1 Nxa3 0-1

[Event "Bayernliga U20 1819"]
[Site "Bayern"]
[Date "2018.12.08"]
[Round "2.1"]
[White "Oberhofer, Cedric"]
[Black "Homi, Joseph"]
[Result "1-0"]
[WhiteElo "2216"]
[BlackElo "2015"]
[PlyCount "43"]
[EventDate "2018.11.17"]
[EventType "team-tourn"]
[EventRounds "6"]
[EventCountry "GER"]
[SourceTitle "EXT 2022"]
[Source "ChessBase"]
[SourceDate "2021.10.06"]
[SourceVersion "1"]
[SourceVersionDate "2021.10.06"]
[SourceQuality "1"]
[WhiteTeam "Regensburg Bavaria U20"]
[BlackTeam "Fuerth SG U20"]
[WhiteTeamCountry "GER"]
[BlackTeamCountry "GER"]

1. e4 c6 2. d4 d5 3. e5 Bf5 4. Nf3 e6 5. Be2 Qb6 6. 0-0 c5 7. c4 dxc4 8. Na3 Bd3 9. Nxc4 Bxc4 10. Bxc4 cxd4 11. Nxd4 Nd7 12. Bb5 0-0-0 13. Bxd7+ Rxd7 14. Be3 Bc5 15. Rc1 Rc7 16. Qa4 Kb8 17. Rxc5 Qxc5 18. Nb5 Qe7 19. Qxa7+ Kc8 20. Qa8+ Kd7 21. Rd1+ Kc6 22. Na7# 1-0

[Event "Mittelfranken-chTB1 1819"]
[Site "Mittelfranken"]
[Date "2018.11.04"]
[Round "2.5"]
[White "Rieder, Johannes"]
[Black "Homi, Joseph"]
[Result "0-1"]
[WhiteElo "1886"]
[BlackElo "2015"]
[PlyCount "56"]
[EventDate "2018.10.14"]
[EventType "team-tourn"]
[EventRounds "9"]
[EventCountry "GER"]
[SourceTitle "EXT 2022"]
[Source "ChessBase"]
[SourceDate "2021.10.06"]
[SourceVersion "1"]
[SourceVersionDate "2021.10.06"]
[SourceQuality "1"]
[WhiteTeam "Erlangen SC III"]
[BlackTeam "Fuerth SG"]
[WhiteTeamCountry "GER"]
[BlackTeamCountry "GER"]

1. d4 Nf6 2. e3 c5 3. Bd3 cxd4 4. exd4 d5 5. c3 Bg4 6. Qb3 Qc7 7. h3 Bd7 8. Ne2 Nc6 9. Bf4 Qc8 10. Nd2 e6 11. g4 Na5 12. Qc2 Nc4 13. Ng3 Bd6 14. Bxd6 Nxd6 15. g5 Ng8 16. Bxh7 Ne7 17. Bd3 b5 18. a3 a5 19. Nf3 b4 20. Ne5 bxc3 21. bxc3 Qc7 22. Nxd7 Kxd7 23. Qa4+ Nc6 24. Rb1 Rab8 25. Bb5 Nxb5 26. Rxb5 Qf4 27. Rc5 Rb1+ 28. Ke2 Rb2+ 0-1

[Event "Landesliga U20 Nord 1718"]
[Site "Bayern"]
[Date "2018.03.10"]
[Round "6.1"]
[White "Sammet, Dominik"]
[Black "Homi, Joseph"]
[Result "0-1"]
[WhiteElo "1744"]
[BlackElo "1975"]
[PlyCount "64"]
[EventDate "2017.11.18"]
[EventType "team-tourn"]
[EventRounds "7"]
[EventCountry "GER"]
[SourceTitle "EXT 2022"]
[Source "ChessBase"]
[SourceDate "2021.10.06"]
[SourceVersion "1"]
[SourceVersionDate "2021.10.06"]
[SourceQuality "1"]
[WhiteTeam "Regensburg Bavaria U20 II"]
[BlackTeam "Fuerth SG U20"]
[WhiteTeamCountry "GER"]
[BlackTeamCountry "GER"]

1. e4 e6 2. d4 d5 3. e5 c5 4. c3 Nc6 5. Nf3 Qb6 6. a3 c4 7. Nbd2 Na5 8. g3 Bd7 9. Bh3 Ne7 10. 0-0 h5 11. Re1 h4 12. Ng5 hxg3 13. Qf3 gxh2+ 14. Kh1 Nf5 15. Bxf5 exf5 16. e6 fxe6 17. Qxf5 0-0-0 18. Rxe6 Bxe6 19. Nxe6 Rh5 20. Qf7 Rh6 21. Nxc4 Qxe6 22. Qxe6+ Rxe6 23. Nxa5 Bd6 24. Be3 Rh8 25. Nb3 g5 26. Nd2 g4 27. Nf1 Rh3 28. Bg5 Re2 29. Ne3 Rh5 30. Bf6 g3 31. Rf1 Rxf2 32. Rxf2 gxf2 0-1

[Event "Landesliga U20 Nord 1718"]
[Site "Bayern"]
[Date "2018.03.10"]
[Round "7.1"]
[White "Schmidt, Oliver"]
[Black "Homi, Joseph"]
[Result "1-0"]
[WhiteElo "1811"]
[BlackElo "1975"]
[PlyCount "51"]
[EventDate "2017.11.18"]
[EventType "team-tourn"]
[EventRounds "7"]
[EventCountry "GER"]
[SourceTitle "EXT 2022"]
[Source "ChessBase"]
[SourceDate "2021.10.06"]
[SourceVersion "1"]
[SourceVersionDate "2021.10.06"]
[SourceQuality "1"]
[WhiteTeam "Schwandorf U20"]
[BlackTeam "Fuerth SG U20"]
[WhiteTeamCountry "GER"]
[BlackTeamCountry "GER"]

1. d4 e6 2. c4 d5 3. Nc3 c6 4. Nf3 dxc4 5. a4 Bb4 6. Ne5 b5 7. g3 Bb7 8. Bg2 Qc8 9. 0-0 Nd7 10. axb5 Bxc3 11. bxc6 Bxc6 12. Nxc6 Bxb2 13. Bxb2 Qc7 14. Ne5 Rb8 15. Ba3 Nb6 16. Bc5 f6 17. Bxb6 axb6 18. Nc6 Rc8 19. Ra7 Qd6 20. Qa4 Kf8 21. Ra8 Rxa8 22. Qxa8+ Kf7 23. Ra1 h5 24. Ra7+ Kg6 25. Qe8+ Kh7 26. Qf7 1-0

[Event "Mittelfranken-chTB2a 1718"]
[Site "Mittelfranken"]
[Date "2018.01.28"]
[Round "4.4"]
[White "Faust, Bernhard"]
[Black "Homi, Joseph"]
[Result "1-0"]
[WhiteElo "1796"]
[BlackElo "1975"]
[PlyCount "65"]
[EventDate "2017.10.08"]
[EventType "team-tourn"]
[EventRounds "9"]
[EventCountry "GER"]
[SourceTitle "EXT 2022"]
[Source "ChessBase"]
[SourceDate "2021.10.06"]
[SourceVersion "1"]
[SourceVersionDate "2021.10.06"]
[SourceQuality "1"]
[WhiteTeam "Rothenburg II"]
[BlackTeam "Fuerth SG"]
[WhiteTeamCountry "GER"]
[BlackTeamCountry "GER"]

1. d4 f5 2. c4 Nf6 3. Nc3 d6 4. f4 g6 5. Nf3 Bg7 6. e3 0-0 7. Be2 c6 8. 0-0 Qc7 9. Qb3 h6 10. Bd2 Nbd7 11. Nh4 Kh7 12. g4 Nxg4 13. Bxg4 fxg4 14. Qc2 Rf6 15. Ne4 Re6 16. f5 gxf5 17. Rxf5 Kg8 18. Raf1 Nf6 19. Ng3 d5 20. cxd5 Rd6 21. R5f2 Rxd5 22. Qg6 Rg5 23. Qd3 Nh5 24. e4 Nxg3 25. hxg3 Rh5 26. e5 c5 27. Qg6 Rxh4 28. gxh4 Qc6 29. Rf6 exf6 30. exf6 Qd7 31. fxg7 Qxd4+ 32. Rf2 g3 33. Qf7+ 1-0

[Event "Landesliga U20 Nord 1718"]
[Site "Bayern"]
[Date "2018.01.27"]
[Round "4.2"]
[White "Homi, Joseph"]
[Black "Moenius, Oliver"]
[Result "1-0"]
[WhiteElo "1975"]
[BlackElo "1743"]
[PlyCount "65"]
[EventDate "2017.11.18"]
[EventType "team-tourn"]
[EventRounds "7"]
[EventCountry "GER"]
[SourceTitle "EXT 2022"]
[Source "ChessBase"]
[SourceDate "2021.10.06"]
[SourceVersion "1"]
[SourceVersionDate "2021.10.06"]
[SourceQuality "1"]
[WhiteTeam "Fuerth SG U20"]
[BlackTeam "Hoechstadt SC U20"]
[WhiteTeamCountry "GER"]
[BlackTeamCountry "GER"]

1. e4 e5 2. Qh5 d6 3. Bc4 g6 4. Qf3 Qf6 5. Nc3 c6 6. Qe2 Be6 7. d3 Be7 8. h3 Nd7 9. Nf3 h6 10. Be3 Nb6 11. Bb3 Qg7 12. g4 Bf6 13. Nd2 0-0-0 14. Bxb6 axb6 15. Qe3 b5 16. Qb6 Ne7 17. a4 b4 18. Qxb4 d5 19. a5 dxe4 20. a6 bxa6 21. Ndxe4 Bxb3 22. Nc5 Rd4 23. Qb7+ Kd8 24. Rxa6 Nc8 25. Ra8 Ke8 26. Rxc8+ Bd8 27. Qxc6+ Ke7 28. Qb7+ Ke8 29. Qxb3 Qf6 30. Nd5 Qg5 31. Kd1 e4 32. Nxe4 Qe5 33. Nef6+ 1-0

[Event "Landesliga U20 Nord 1718"]
[Site "Bayern"]
[Date "2017.12.02"]
[Round "2.2"]
[White "Schilay, Eva"]
[Black "Homi, Joseph"]
[Result "0-1"]
[WhiteElo "1557"]
[BlackElo "1975"]
[PlyCount "48"]
[EventDate "2017.11.18"]
[EventType "team-tourn"]
[EventRounds "7"]
[EventCountry "GER"]
[SourceTitle "EXT 2022"]
[Source "ChessBase"]
[SourceDate "2021.10.06"]
[SourceVersion "1"]
[SourceVersionDate "2021.10.06"]
[SourceQuality "1"]
[WhiteTeam "Neumarkt U20"]
[BlackTeam "Fuerth SG U20"]
[WhiteTeamCountry "GER"]
[BlackTeamCountry "GER"]

1. e4 e6 2. d4 b6 3. Nf3 Bb7 4. Bd3 c5 5. c3 Nf6 6. e5 Nd5 7. Be4 Qc8 8. Nbd2 d6 9. Nc4 cxd4 10. Qxd4 Nc6 11. Qd3 Nxe5 12. Ncxe5 dxe5 13. Nxe5 a6 14. Qf3 Qc7 15. Nd3 f5 16. Bxd5 Bxd5 17. Qh5+ g6 18. Qh3 Bc4 19. b3 Bxb3 20. 0-0 Bc4 21. Re1 Bd6 22. Nb2 Bd5 23. Bh6 b5 24. Bg7 Qxg7 0-1